Beatles or Rolling Stones? - Statistics

General Stats
  • This quiz has been taken 2,238 times
  • The average score is 14 of 15
Answer Stats
Question Answer % Correct
Let it Be Beatles
100%
Satisfaction Rolling Stones
99%
Something Beatles
98%
In My Life Beatles
96%
You Can't Always Get What You Want Rolling Stones
96%
Wild Horses Rolling Stones
96%
Michelle Beatles
95%
Under My Thumb Rolling Stones
94%
Moonlight Mile Rolling Stones
92%
As Tears Go By Rolling Stones
90%
Time Waits For No One Rolling Stones
90%
Glass Onion Beatles
87%
Ruby Tuesday Rolling Stones
87%
Don't Pass Me By Beatles
82%
Carry That Weight Beatles
81%
No matching quizzes found
Score Distribution
Percent of People with Each Score
Percentile by Number Answered
Your Score History
You have not taken this quiz